000 nam a22 7a 4500
999 _c54894
_d54894
003 OSt
005 20220806120158.0
008 220806b xxu||||| |||| 00| 0 eng d
040 _cIIMT UNIVERSITY
100 _aMITTAL, P.K
245 _aLENEAR ALGEBRA
260 _aMEERUT
_bS.J PUBLICATION
_c2007
942 _2ddc
_c09